| 000 | 01327cam a22002773a 4500 | ||
|---|---|---|---|
| 001 | 18905 | ||
| 003 | PGUSA | ||
| 005 | 20140828083412.0 | ||
| 008 | 060725s2006||||xxu|||||s|||||000 | eng d | ||
| 040 |
_aPGUSA _beng |
||
| 042 | _adc | ||
| 050 | 4 | _aD501 | |
| 245 | 1 | 4 |
_aThe War and Unity : _bBeing Lectures Delivered At The Local Lectures Summer Meeting Of The University Of Cambridge, 1918 _h[electronic resource] |
| 260 |
_bProject Gutenberg, _c2006 |
||
| 505 | 0 | _aUnity between Christian denominations: A general view, by the Rev. V. H. Stanton. The church in the furnace, by the Rev. E. Milner-White. The problem of the English Free churches, by the Rev. W. B. Selbie. The Scottish problem, by the Very Rev. J. Cooper -- Unity between classes: I. By the Right Rev. F. T. Woods. II. By the Right Hon. J. R. Clynes -- Unity in the empire, by F. J. Chamberlain -- Unity between nations, by the Rev. J. H. B. Masterman. | |
| 506 | _aPublic domain in the USA. | ||
| 516 | _aElectronic text | ||
| 653 | _aWorld War, 1914-1918 -- Religious aspects | ||
| 653 | _aSocial change | ||
| 653 | _aChristian sociology | ||
| 653 | _aChristian union | ||
| 700 | 1 |
_aCranage, D. H. S. _q(David Herbert Somerset), _d1866-1957 |
|
| 830 | 0 |
_aProject Gutenberg _v18905 |
|
| 856 | 4 | 0 | _uhttp://www.gutenberg.org/ebooks/18905 |
| 942 | _cEB | ||
| 999 |
_c248160 _d248160 |
||